Socio-economic behaviour of Pukhtun tribe/ (Record no. 8748)

MARC details
000 -LEADER
fixed length control field 00739 a2200205 4500
010 ## - LIBRARY OF CONGRESS CONTROL NUMBER
LC control number ENG-88563
020 ## - INTERNATIONAL STANDARD BOOK NUMBER
International Standard Book Number 8182201276
Terms of availability 600.00
035 ## - SYSTEM CONTROL NUMBER
System control number EN-72096
037 ## - SOURCE OF ACQUISITION
Source of stock number/acquisition DBAD / PUB
082 14 - DEWEY DECIMAL CLASSIFICATION NUMBER
Classification number 305.891593
090 ## - LOCALLY ASSIGNED LC-TYPE CALL NUMBER (OCLC); LOCAL CALL NUMBER (OCLC)
-- 8909
-- 8909
100 1# - MAIN ENTRY--PERSONAL NAME
Personal name Saha, Dipali
245 1# - TITLE STATEMENT
Title Socio-economic behaviour of Pukhtun tribe/
Statement of responsibility, etc by Dipali Saha
260 ## - PUBLICATION, DISTRIBUTION, ETC. (IMPRINT)
Place of publication, distribution, etc New Delhi
Name of publisher, distributor, etc Global Vision Publishing House
Date of publication, distribution, etc 2006
270 ## - ADDRESS
Address F-4, 1st Floor, `Hari Sadan' 20, Ansari Road, Daryaganj,
City New Delhi
Postal code 110 002
300 ## - PHYSICAL DESCRIPTION
Extent vii, 282p.:
Dimensions 22cm (Hb)
500 ## - GENERAL NOTE
General note Includes bibliographical references and index
942 ## - ADDED ENTRY ELEMENTS (KOHA)
Institution code [OBSOLETE] dpl
Koha item type English Books
Call number prefix 305.891593 / SAH
Holdings
Withdrawn status Lost status Source of classification or shelving scheme Damaged status Not for loan Collection code Home library Current library Source of acquisition Cost, normal purchase price Total Checkouts Full call number Barcode Date last seen Copy number Uniform Resource Identifier Cost, replacement price Price effective from Koha item type
    Dewey Decimal Classification   Not For Loan Non-fiction D.B.Act.Division D.B.Act.Division DBAD/PUB 600.00   305.891593 SAH EN-72096 15/09/2008 1 9692 600.00 15/09/2008 English Books

© Delhi Public Library
Hit Counter
free hit counter